[Event "Kurnosov Memorial Rapid 2019"]
[Site "Chelyabinsk"]
[Date "2019.09.06"]
[Round "2.9"]
[White "Benderac, Ana"]
[Black "Yudin, Sergei"]
[Result "0-1"]
[WhiteElo "2228"]
[BlackElo "2494"]
[Annotator "TA"]
[PlyCount "110"]
[EventDate "2019.09.06"]
[EventType "swiss"]
[EventCountry "RUS"]
[SourceTitle "playchess.com"]
[Source "ChessBase"]
[SourceQuality "1"]

{[%evp 9,110,-7,0,-14,6,-21,-17,-18,-23,-47,-10,-46,-29,-39,0,0,0,-14,0,-50,-44,-62,-70,-80,-8,-8,0,0,0,-36,-36,-105,-114,-115,-114,-153,-147,-158,-86,-129,-108,-107,-93,-101,-87,-81,-40,-88,-88,-120,-127,-137,-137,-137,-114,-114,-95,-107,-109,-116,-108,-109,-99,-97,-99,-102,-105,-108,-102,-197,-193,-196,-181,-190,-114,-272,-259,-234,-199,-199,-199,-199,-199,-1825,-1247,-29943,-524,-29977,-29975,-29978,-29975,-29981,-29982,-29981,-29982,-29982,-29983,-29983,-29984,-29985,-29986,-29986,-29987]} 1. f4 d5 2. Nf3 Nf6 3. g3 e6 4. Bg2 Be7 5. O-O O-O (5... b5 6. d3 Bb7 7. Qe1 c5 8. c3 O-O 9. a4 b4 10. cxb4 cxb4 11. Kh1 Nc6 12. Be3 Nd7 {1-0 (44) Carlsen,M (2832)-Kramnik,V (2808) Leuven 2017}) 6. d3 {A03: Bird's Opening with 1...d5} c5 7. Qe1 Nc6 8. c3 {The position is equal.} b5 9. e4 a5 $146 ({Predecessor:} 9... Ba6 10. e5 Ne8 11. Nbd2 b4 12. c4 dxc4 13. dxc4 Qd3 14. b3 Rd8 15. Bb2 Bb7 {1-0 (46) Baidetsky,V (2391)-Gayun,D (2263) Vinnytsia 2018}) 10. exd5 Nxd5 11. Na3 b4 12. Nc4 Ba6 13. Nfe5 Nxe5 14. fxe5 (14. Nxe5 $5 {[%cal Re5c6]} Rc8 15. c4 $11) 14... Rb8 15. Be4 a4 16. Bd2 bxc3 (16... a3 $1 $17 {aiming for ...f5.} 17. bxa3 bxc3 18. Bxc3 Nxc3 19. Qxc3 f5) 17. bxc3 $11 Bxc4 18. dxc4 Nb6 19. Bc2 {[#] Black must now prevent Bh6!} Nxc4 20. Qe4 (20. Bc1 $15 Qd5 21. Be4) 20... g6 $17 21. Bh6 Nd2 {[%mdl 64] Double Attack} 22. Qf4 {Strongly threatening Rf2.} Nxf1 23. Rxf1 {[#]} Qd5 (23... Qc7 $142 $1 {Hoping for ...c4.} 24. c4 Rbd8 25. Bxa4 Rd4) 24. c4 Qd4+ 25. Qxd4 cxd4 26. Bxf8 Kxf8 27. Bxa4 {[%mdl 4096] Endgame KRB-KRB} Ra8 28. Bb3 Ra5 29. Re1 Bg5 30. Re4 Be3+ 31. Kf1 h5 32. Ke2 g5 33. Kd3 g4 34. a4 Ke7 35. Bd1 Kd7 36. h3 gxh3 37. Rh4 Rxe5 38. Rxh3 Bf2 39. Rh2 (39. Rxh5 $17 Re3+ 40. Kc2) 39... Re3+ $19 40. Kxd4 Bg1 41. Rd2 Kc6 (41... Rxg3+ $19 42. Ke5+ Ke7) 42. Rd3 $2 (42. c5 $17 {was the only chance.}) 42... Rxg3+ $1 43. Kc3 Rxd3+ 44. Kxd3 {KB-KB} h4 45. Bf3+ Kd6 46. a5 $2 (46. Ke4) 46... f5 47. a6 Ke5 (47... h3 $142 48. Ke2 e5 49. Kf1 Bd4 50. Bb7 e4 51. c5+ Bxc5 52. Bc8 Ke5 53. Bd7 h2 54. Kg2 e3 55. a7 Bxa7 56. Bb5 f4 57. Be2 Ke4 58. Bf3+ Kd3 59. Kxh2 e2 60. Bxe2+ Kxe2 61. Kg2 f3+ 62. Kg3 f2 63. Kf4 f1=Q+ 64. Ke4 Qf7 65. Ke5 Qg6 66. Kd5 Kd3 67. Ke5 Bb8+ 68. Kd5 Qd6#) 48. Ke2 {If only White now had time for Kf1....} Kf4 {Black mates.} 49. Bg2 Ba7 50. Bf3 h3 51. Bc6 h2 52. Bh1 e5 53. Kf1 Kg3 54. Ke2 e4 55. Kf1 f4 {Accuracy: White = 20%, Black = 66%.} 0-1

[Event "Kurnosov Memorial Rapid 2019"]
[Site "Chelyabinsk"]
[Date "2019.09.06"]
[Round "2.10"]
[White "Pridorozhni, Aleksei"]
[Black "Solovjev, Nikolay"]
[Result "1-0"]
[WhiteElo "2599"]
[BlackElo "2306"]
[Annotator "TA"]
[PlyCount "45"]
[EventDate "2019.09.06"]
[EventType "swiss"]
[EventCountry "RUS"]
[SourceTitle "playchess.com"]
[Source "ChessBase"]
[SourceQuality "1"]

{[%evp 9,45,13,37,41,112,96,111,118,122,86,202,185,202,86,114,98,413,414,390,315,329,322,277,139,308,302,300,199,306,295,296,293,394,415,687,794,2612,2522]} 1. e4 c5 2. Nc3 Nc6 3. Bb5 Nd4 4. Nf3 Nxb5 5. Nxb5 g6 (5... d6 6. d4 Nf6 7. Qd3 a6 8. Nc3 cxd4 9. Nxd4 e6 10. Bg5 Be7 11. O-O-O Qc7 12. f4 b5 13. a3 O-O 14. h4 {½-½ (31) Safarli,E (2681)-Tabatabaei,M (2590) Bandar e Anzali 2019}) 6. d4 {B23: Closed Sicilian: Lines without g3} a6 (6... Bg7 $14) 7. Nc3 $16 Bg7 8. dxc5 {White is better.} Qa5 9. O-O Qxc5 (9... Bxc3 $16 10. bxc3 Qxc5) 10. Be3 Qc6 $146 {[#]} ({Predecessor:} 10... Qc4 11. Nd5 Qc6 12. Nd4 Qd6 13. c4 Bh6 14. c5 Qb8 15. Qb3 Bxe3 16. fxe3 Nh6 17. Qb6 Ra7 18. c6 dxc6 19. Nxc6 Qd6 20. Nxa7 {1-0 (20) Sanchez Jerez,E (2198)-Clavero Alarcon,J (1840) Madrid 2018}) 11. Bd4 (11. Nd5 $1 $18 {and the rest is easy.}) 11... Nf6 12. Nd5 $36 {[%mdl 2048] Black must now prevent Ne5. Keeping Black busy.} Kf8 $2 {[%mdl 8192]} (12... d6 $16 {is more resistant.}) 13. Ne5 $18 Qd6 14. Nc4 Qc6 15. Ncb6 Rb8 16. Qf3 ({White should try} 16. c4 $18) 16... Nh5 $2 {[#]} (16... Nxd5 $16 {keeps fighting.} 17. exd5 Qc7) 17. Rad1 {[%cal Ba1d1,Bd1d3,Bd3c3,Bc3c7,Bc7e7][%mdl 32]} d6 18. Bxg7+ Nxg7 (18... Kxg7 $142 19. Nxc8 Qxc8) 19. Rd3 Be6 20. Rc3 Qe8 21. Rc7 Qb5 (21... Bxd5 $142 22. Nxd5 Ne6) 22. Rxe7 Qxb2 23. Nd7+ {[%mdl 64] Double Attack. Accuracy: White = 58%, Black = 24%.} 1-0

[Event "Kurnosov Memorial Rapid 2019"]
[Site "Chelyabinsk"]
[Date "2019.09.06"]
[Round "3.1"]
[White "Kokarev, Dmitry"]
[Black "Zhalmakhanov, Ramazan"]
[Result "1/2-1/2"]
[WhiteElo "2601"]
[BlackElo "2342"]
[Annotator "TA"]
[PlyCount "41"]
[EventDate "2019.09.06"]
[EventType "swiss"]
[EventCountry "RUS"]
[SourceTitle "playchess.com"]
[Source "ChessBase"]
[SourceQuality "1"]

{[%evp 14,41,22,4,0,0,8,20,13,20,25,35,58,35,81,82,79,101,165,43,126,48,104,112,144,-127,-103,-126,-144,-172]} 1. e4 e5 2. Nf3 Nc6 3. Bb5 a6 4. Ba4 Nf6 5. O-O Be7 6. Bxc6 dxc6 7. d3 Nd7 8. b3 O-O {C85: Closed Ruy Lopez: Deferred Exchange Variation} 9. Bb2 Bd6 (9... f6 10. Qe2 c5 11. Nh4 Nb8 12. Nf5 Nc6 13. Nxe7+ Qxe7 14. Nc3 Nd4 15. Qd2 Be6 16. f4 exf4 17. Rxf4 f5 {1-0 (58) Sjugirov,S (2674)-Svidler,P (2762) Sochi 2016}) 10. Nbd2 c5 {The position is equal.} 11. Nc4 {[%cal Rf3e5]} Qe7 12. a4 b6 13. g3 Bb7 14. Nh4 (14. Nxd6 cxd6 15. Re1 f5 $11) 14... Qe6 $146 ({Predecessor:} 14... g6 15. Qg4 Rae8 16. f4 h5 17. Qh3 {1-0 (31) Pokojowczyk,J (2380)-Egedi,I (2380) Budapest 1986}) 15. f4 ({But not} 15. Nxd6 cxd6 16. f4 d5 $11) 15... exf4 (15... Be7 $16) 16. gxf4 ({White should play} 16. Nxd6 $18 cxd6 17. Nf5 (17. gxf4 d5 $11) (17. Rxf4 g6 $11)) 16... f5 (16... Be7 $1 $14 17. Nf5 Bf6) 17. Nxf5 (17. Nxd6 $16 cxd6 18. Nxf5 Qg6+ 19. Ng3) 17... Rxf5 ({Better is} 17... Qg6+ $14 18. Ng3 Bxf4) 18. exf5 $16 Qxf5 {[#] ( -> ...Qg6+)} 19. Ne3 $2 {[%mdl 8192]} (19. Nxd6 $16 {keeps the pressure on.} cxd6 20. Qe1) 19... Qh3 $17 {[%mdl 1024] Black has strong compensation.} 20. Qd2 Re8 21. Rae1 {Accuracy: White = 26%, Black = 40%.} 1/2-1/2

[Event "Kurnosov Memorial Rapid 2019"]
[Site "Chelyabinsk"]
[Date "2019.09.06"]
[Round "3.2"]
[White "Balashov, Yuri S"]
[Black "Bareev, Evgeny"]
[Result "0-1"]
[WhiteElo "2466"]
[BlackElo "2643"]
[Annotator "RC"]
[PlyCount "50"]
[EventDate "2019.09.06"]
[EventType "swiss"]
[EventCountry "RUS"]
[SourceTitle "playchess.com"]
[Source "ChessBase"]
[SourceQuality "1"]
[TimeControl "900+10"]

1. d4 {[%emt 0:00:00]} d5 {[%emt 0:00:00]} 2. c4 {[%emt 0:00:00]} c6 {[%emt 0:00:00]} 3. Nc3 {[%emt 0:00:00]} Nf6 {[%emt 0:00:00]} 4. e3 {[%emt 0:00:00]} Bf5 {[%emt 0:00:02]} 5. Qb3 {[%emt 0:00:04]} Qb6 {[%emt 0:00:34]} 6. cxd5 {[%emt 0:00:33]} Qxb3 {[%emt 0:01:02]} 7. axb3 {[%emt 0:00:02]} Nxd5 {[%emt 0:00:02]} 8. Nxd5 {[%emt 0:00:56]} cxd5 {[%emt 0:00:02]} 9. Bd2 {[%emt 0:00:26]} Nc6 {[%emt 0:00:51]} 10. Bb5 {[%emt 0:00:50]} Bd7 {[%emt 0:00:24]} 11. Ne2 {[%emt 0:00:32]} e6 {[%emt 0:00:11]} 12. O-O {[%emt 0:00:15]} Bd6 {[%emt 0:00:55]} 13. Nc3 {[%emt 0:00:27]} Ke7 {[%emt 0:00:31]} 14. Na4 {[%emt 0:00:31]} Nxd4 {[%emt 0:00:40]} 15. exd4 {[%emt 0:00:26]} Bxb5 {[%emt 0:00:02]} 16. Rfe1 {[%emt 0:00:01]} Bxa4 {[%emt 0:01:13]} 17. Rxa4 {[%emt 0:00:15]} Rhc8 {[%emt 0:00:05]} 18. Bc3 {[%emt 0:02:07]} b5 {[%emt 0:00:43]} 19. Ra6 {[%emt 0:00:02]} b4 {[%emt 0:00:03]} 20. Bd2 {[%emt 0:00:02]} Rc2 {[%emt 0:00:02]} 21. Bc1 {[%emt 0:00:12]} Bc7 {[%emt 0:00:22]} 22. Rd1 {[%emt 0:00:49]} Bb6 {[%emt 0:00:28]} 23. Kf1 {[%emt 0:00:07]} Rac8 {[%emt 0:00:16]} 24. Bd2 {[%emt 0:00:06]} Rxb2 {[%emt 0:00:14]} 25. Bxb4+ {[%emt 0:00:01]} Kf6 {[%emt 0:02:09]} 0-1

[Event "Kurnosov Memorial Rapid 2019"]
[Site "Chelyabinsk"]
[Date "2019.09.06"]
[Round "3.3"]
[White "Movsesian, Sergei"]
[Black "Salemgareev, Tagir"]
[Result "1-0"]
[WhiteElo "2654"]
[BlackElo "2457"]
[Annotator "TA"]
[PlyCount "91"]
[EventDate "2019.09.06"]
[EventType "swiss"]
[EventCountry "RUS"]
[SourceTitle "playchess.com"]
[Source "ChessBase"]
[SourceQuality "1"]

{[%evp 19,91,14,27,16,2,0,0,0,0,-26,35,30,76,0,45,29,30,37,33,0,0,0,0,0,0,-47,62,57,46,41,58,47,60,-37,-27,-79,-72,-58,-47,-135,-130,-120,-55,-70,-53,-43,-42,-175,-167,-167,-167,-177,0,0,0,-72,438,431,424,402,412,408,29981,29982,29975,29976,29975,29977,29994,29995,29995,29996,29996,29997]} 1. e4 c5 2. Nf3 Nc6 3. Nc3 g6 4. d4 cxd4 5. Nxd4 Bg7 6. Nde2 Nf6 7. g3 O-O 8. Bg2 d6 9. O-O Bd7 10. h3 Rc8 11. Re1 {B70: Sicilian Dragon: 6 g3 and 6 Be2 (without a later Be3)} Ne5 12. a4 Qa5 13. Nf4 $146 {The position is equal.} ({Predecessor:} 13. Nd4 Nc4 14. Nb3 Qc7 15. Ra2 a6 16. a5 e5 17. Bf1 Rfd8 18. Qf3 h6 19. Bxh6 Bxh6 20. Bxc4 {1-0 (38) Movsesian,S (2721)-Iturrizaga Bonelli,E (2611) Moscow 2011}) 13... Rfe8 14. Nd3 Nxd3 (14... Nc4 $11) 15. cxd3 $14 b5 16. Bd2 ({Better is} 16. Nxb5 $16 a6 17. Nc3) 16... bxa4 (16... b4 $5 {[%cal Rb4c3]} 17. Na2 Qe5 $11) 17. Nxa4 Qb5 18. Ra3 Qb8 19. Nc3 Be6 20. Qa1 Nd7 21. Be3 Nc5 22. d4 Nd3 (22... Nb3 $1 $15 23. Qd1 Nxd4 24. Bxd4 Qxb2 {[%mdl 64] Double Attack} 25. Bxg7 Qxa3) 23. Re2 Bc4 24. Rd2 {Black must now prevent b3.} Nb4 25. Rxa7 Bb3 26. Ra5 (26. e5 $1 $14 Nc2 27. Qa5 Nxe3 28. fxe3) 26... Nc2 $15 27. Rxc2 (27. Qb1 $11 {remains equal.} Qc7 28. Ra6 Nxe3 29. fxe3) 27... Bxc2 $17 28. Kh2 Bd3 29. Nd5 (29. Qa3 $15) 29... e6 30. Nc3 Re7 (30... Bc4 $17 31. Qa3 Qb6) 31. Qa3 $15 Rb7 32. e5 $1 Rb3 33. Qa4 (33. Qxd6 $15 Rxb2 34. Ne4) 33... d5 $1 $19 (33... Rxb2 34. Ra8 $11) 34. Nxd5 exd5 35. Bxd5 Rxb2 $2 (35... Rb5 $1 $19 {[%cal Rb5a5]} 36. e6 Rxa5 37. Qxa5 Kh8) 36. Ra8 $1 $11 {[%cal Ra8b8]} Qc7 {aiming for ...Rxa8.} 37. Ra7 {[#]} (37. e6 $1 $11 Rf8 38. Re8 {[%mdl 64] Back Rank}) 37... Qd8 $2 {[%mdl 8192] [#]} (37... Qc2 $1 $17 {[%cal Rc2a4]} 38. Qd7 Rf8) 38. Rd7 $1 $18 Qb6 {And now ...Bb5 would win.} 39. Rxf7 {Intending Qd7! and mate.} Kh8 {[#]} 40. Rxg7 $1 {[%mdl 512]} Rf8 (40... Bb5 $18 41. Qa7 Qxa7 42. Rxa7 Rbc2) (40... Kxg7 41. Qd7+) 41. Rf7 {White mates.} ({Worse is} 41. Qd7 Rfxf2+ 42. Bxf2 Rxf2+ 43. Kg1 (43. Bg2 $2 Rxg2+ 44. Kxg2 Qb2+ 45. Kg1 Qc1+ 46. Kf2 Qf1+ 47. Ke3 Qe2+ 48. Kf4 Qf2+ 49. Kg5 Qxg3+ 50. Kf6 Qf4+ 51. Ke7 Kxg7 $19) 43... Rf1+ 44. Kh2 Rf2+ 45. Kg1 (45. Bg2 $2 Rxg2+ 46. Kxg2 Qb2+ 47. Kg1 Qc1+ 48. Kf2 Qf1+ 49. Ke3 Qe2+ 50. Kf4 Qf2+ 51. Kg5 Qxg3+ 52. Kf6 Qf4+ 53. Ke7 Kxg7 $19) 45... Rf1+ 46. Kh2 Rf2+ $11) 41... Qd8 42. Qd7 {[%csl Gd7][%cal Rf7h7]} Rxf2+ 43. Bxf2 {[%csl Gd7][%cal Rf7h7]} Qxd7 44. Rxf8+ Kg7 45. Rg8+ Kh6 46. Be3+ {Accuracy: White = 56%, Black = 46%.} 1-0

[Event "Kurnosov Memorial Rapid 2019"]
[Site "Chelyabinsk"]
[Date "2019.09.06"]
[Round "3.4"]
[White "Vokarev, Sergey"]
[Black "Bocharov, Dmitry"]
[Result "0-1"]
[WhiteElo "2443"]
[BlackElo "2519"]
[Annotator "ChessBase"]
[PlyCount "80"]
[EventDate "2019.09.06"]
[EventType "swiss"]
[EventCountry "RUS"]
[SourceTitle "playchess.com"]
[Source "ChessBase"]
[SourceQuality "1"]
[TimeControl "900+10"]

1. Nf3 {[%emt 0:00:00]} c5 {[%emt 0:00:00]} 2. g3 {[%emt 0:00:06]} Nc6 {[%emt 0:00:05]} 3. d4 {[%emt 0:00:33]} cxd4 {[%emt 0:00:05]} 4. Nxd4 {[%emt 0:00:01]} g6 {[%emt 0:00:12]} 5. Bg2 {[%emt 0:00:13]} Bg7 {[%emt 0:00:02]} 6. Nxc6 {[%emt 0:01:28]} bxc6 {[%emt 0:00:03]} 7. O-O {[%emt 0:00:13]} Nf6 {[%emt 0:00:03]} 8. c4 {[%emt 0:00:09]} O-O {[%emt 0:00:17]} 9. Qc2 {[%emt 0:03:30]} d5 {[%emt 0:00:48]} 10. Nd2 {[%emt 0:00:23]} Rb8 {[%emt 0:00:35]} 11. Rb1 {[%emt 0:01:15]} Qa5 {[%emt 0:02:14]} 12. a3 {[%emt 0:01:17]} Rd8 {[%emt 0:01:22]} 13. b4 {[%emt 0:00:45]} Qa6 {[%emt 0:00:18]} 14. e4 {[%emt 0:00:28]} Be6 {[%emt 0:01:58]} 15. Nb3 {[%emt 0:03:33]} Nxe4 {[%emt 0:00:31]} 16. b5 {[%emt 0:02:07]} Qa4 {[%emt 0:01:11]} 17. bxc6 {[%emt 0:00:48]} Qxc6 {[%emt 0:00:34]} 18. Na5 {[%emt 0:00:26]} Qa6 {[%emt 0:02:21]} 19. Rxb8 {[%emt 0:00:06]} Rxb8 {[%emt 0:00:02]} 20. cxd5 {[%emt 0:00:14]} Bxd5 {[%emt 0:00:12]} 21. Bxe4 {[%emt 0:00:08]} Qxa5 {[%emt 0:00:24]} 22. Bxd5 {[%emt 0:00:18]} Qxd5 {[%emt 0:00:08]} 23. Be3 {[%emt 0:00:25]} a6 {[%emt 0:00:25]} 24. Rd1 {[%emt 0:00:07]} Qb7 {[%emt 0:00:09]} 25. Qa4 {[%emt 0:00:16]} h5 {[%emt 0:00:42]} 26. Rd7 {[%emt 0:00:09]} Qf3 {[%emt 0:00:32]} 27. Qd1 {[%emt 0:00:03]} Qxd1+ {[%emt 0:00:04]} 28. Rxd1 {[%emt 0:00:01]} Rc8 {[%emt 0:02:19]} 29. Rd5 {[%emt 0:00:08]} Bc3 {[%emt 0:00:23]} 30. Bd4 {[%emt 0:00:17]} e6 {[%emt 0:00:41]} 31. Rd6 {[%emt 0:00:01]} Bxd4 {[%emt 0:00:01]} 32. Rxd4 {[%emt 0:00:01]} Rc5 {[%emt 0:00:07]} 33. Kg2 {[%emt 0:00:15]} Kg7 {[%emt 0:00:02]} 34. h4 {[%emt 0:00:01]} Kf6 {[%emt 0:00:06]} 35. Ra4 {[%emt 0:00:05]} a5 {[%emt 0:00:08]} 36. Rd4 {[%emt 0:00:18]} Ke7 {[%emt 0:00:26]} 37. a4 {[%emt 0:00:31]} e5 {[%emt 0:00:21]} 38. Re4 {[%emt 0:00:03]} Ke6 {[%emt 0:00:05]} 39. g4 {[%emt 0:00:20]} Kd5 {[%emt 0:00:13]} 40. Re2 {[%emt 0:00:12]} hxg4 {[%emt 0:00:08]} 0-1

[Event "Kurnosov Memorial Rapid 2019"]
[Site "Chelyabinsk"]
[Date "2019.09.06"]
[Round "3.5"]
[White "Bocharov, Ivan"]
[Black "Khusenkhojaev, Muhammad"]
[Result "0-1"]
[WhiteElo "2557"]
[BlackElo "2450"]
[Annotator "ChessBase"]
[PlyCount "106"]
[EventDate "2019.09.06"]
[EventType "swiss"]
[EventCountry "RUS"]
[SourceTitle "playchess.com"]
[Source "ChessBase"]
[SourceQuality "1"]
[TimeControl "900+10"]

1. c4 {[%emt 0:00:00]} Nf6 {[%emt 0:00:00]} 2. Nc3 {[%emt 0:00:00]} d5 {[%emt 0:00:00]} 3. cxd5 {[%emt 0:00:07]} Nxd5 {[%emt 0:00:00]} 4. Nf3 {[%emt 0:00:09]} g6 {[%emt 0:00:00]} 5. h4 {[%emt 0:00:07]} Bg7 {[%emt 0:00:19]} 6. h5 {[%emt 0:00:08]} Nc6 {[%emt 0:00:02]} 7. h6 {[%emt 0:01:31]} Bf6 {[%emt 0:00:01]} 8. Ne4 {[%emt 0:00:10]} e5 {[%emt 0:00:01]} 9. Nxf6+ {[%emt 0:00:36]} Qxf6 {[%emt 0:00:13]} 10. d3 {[%emt 0:00:13]} Qe7 {[%emt 0:00:10]} 11. Qb3 {[%emt 0:02:40]} Nb6 {[%emt 0:00:24]} 12. Be3 {[%emt 0:01:52]} Be6 {[%emt 0:00:25]} 13. Qc2 {[%emt 0:00:59]} Nb4 {[%emt 0:01:20]} 14. Qd2 {[%emt 0:01:15]} f6 {[%emt 0:00:15]} 15. a3 {[%emt 0:00:29]} N4d5 {[%emt 0:00:06]} 16. Rc1 {[%emt 0:00:02]} Nxe3 {[%emt 0:00:35]} 17. Qxe3 {[%emt 0:00:01]} Nd5 {[%emt 0:00:36]} 18. Qe4 {[%emt 0:00:11]} O-O-O {[%emt 0:00:14]} 19. g3 {[%emt 0:00:08]} Kb8 {[%emt 0:00:17]} 20. Bh3 {[%emt 0:00:07]} Bxh3 {[%emt 0:00:24]} 21. Rxh3 {[%emt 0:00:01]} Rhe8 {[%emt 0:00:11]} 22. g4 {[%emt 0:01:30]} Nf4 {[%emt 0:00:34]} 23. Rg3 {[%emt 0:00:03]} Qf8 {[%emt 0:01:37]} 24. g5 {[%emt 0:00:02]} f5 {[%emt 0:00:01]} 25. Qc4 {[%emt 0:00:17]} Qe7 {[%emt 0:00:01]} 26. Nd2 {[%emt 0:00:34]} Ne6 27. Nf3 {[%emt 0:01:47]} Nf4 {[%emt 0:01:49]} 28. Nd2 {[%emt 0:00:05]} Qd6 {[%emt 0:01:03]} 29. Qc5 {[%emt 0:00:11]} Qd7 {[%emt 0:00:46]} 30. Nf3 {[%emt 0:01:52]} e4 {[%emt 0:00:23]} 31. Ne5 {[%emt 0:00:13]} Qe7 {[%emt 0:01:40]} 32. d4 {[%emt 0:00:41]} Qxc5 {[%emt 0:00:14]} 33. Rxc5 {[%emt 0:00:02]} Rxd4 {[%emt 0:00:54]} 34. Rb3 {[%emt 0:00:07]} Kc8 {[%emt 0:00:26]} 35. e3 {[%emt 0:00:50]} Rd5 36. Rxd5 {[%emt 0:00:04]} Nxd5 {[%emt 0:00:03]} 37. Nc4 {[%emt 0:00:01]} Re6 {[%emt 0:00:39]} 38. f4 {[%emt 0:01:13]} Rc6 {[%emt 0:00:47]} 39. Ne5 {[%emt 0:00:02]} Rc2 {[%emt 0:00:02]} 40. a4 {[%emt 0:00:08]} a6 {[%emt 0:00:33]} 41. a5 {[%emt 0:00:08]} c5 {[%emt 0:00:09]} 42. Kd1 {[%emt 0:00:14]} Rh2 {[%emt 0:00:15]} 43. Nc4 {[%emt 0:00:45]} Kc7 {[%emt 0:00:06]} 44. Kc1 {[%emt 0:00:04]} Nb4 {[%emt 0:00:07]} 45. Kd1 {[%emt 0:00:03]} Kc6 {[%emt 0:00:13]} 46. Ne5+ {[%emt 0:00:01]} Kb5 {[%emt 0:00:07]} 47. Nd7 {[%emt 0:00:13]} c4 {[%emt 0:00:39]} 48. Ra3 {[%emt 0:00:27]} Nd3 {[%emt 0:00:13]} 49. Rc3 {[%emt 0:00:25]} Nxb2+ {[%emt 0:00:12]} 50. Kc1 {[%emt 0:00:00]} Nd3+ {[%emt 0:00:02]} 51. Kb1 {[%emt 0:00:01]} Kb4 {[%emt 0:00:17]} 52. Rc2 {[%emt 0:00:01]} Rxc2 {[%emt 0:00:26]} 53. Kxc2 {[%emt 0:00:01]} c3 {[%emt 0:00:05]} 0-1

[Event "Kurnosov Memorial Rapid 2019"]
[Site "Chelyabinsk"]
[Date "2019.09.06"]
[Round "3.6"]
[White "Shaposhnikov, Evgeny"]
[Black "Lobanov, Sergei"]
[Result "1/2-1/2"]
[WhiteElo "2572"]
[BlackElo "2515"]
[Annotator "ChessBase"]
[PlyCount "108"]
[EventDate "2019.09.06"]
[EventType "swiss"]
[EventCountry "RUS"]
[SourceTitle "playchess.com"]
[Source "ChessBase"]
[SourceQuality "1"]
[TimeControl "900+10"]

1. c4 {[%emt 0:00:00]} e5 {[%emt 0:00:00]} 2. g3 {[%emt 0:00:00]} Nf6 {[%emt 0:00:00]} 3. Bg2 {[%emt 0:00:00]} c6 {[%emt 0:00:00]} 4. Nf3 {[%emt 0:00:00]} e4 {[%emt 0:00:09]} 5. Nd4 {[%emt 0:00:00]} d5 {[%emt 0:00:08]} 6. cxd5 {[%emt 0:00:01]} Qxd5 {[%emt 0:00:04]} 7. Nc2 {[%emt 0:00:02]} Qh5 {[%emt 0:00:48]} 8. h3 {[%emt 0:00:06]} Bd6 {[%emt 0:00:46]} 9. Nc3 {[%emt 0:00:05]} Qg6 {[%emt 0:00:02]} 10. Ne3 {[%emt 0:01:07]} O-O {[%emt 0:00:09]} 11. b3 {[%emt 0:00:46]} Na6 {[%emt 0:01:08]} 12. Bb2 {[%emt 0:00:05]} Nc5 {[%emt 0:00:18]} 13. Qc2 {[%emt 0:00:20]} Re8 {[%emt 0:00:32]} 14. b4 {[%emt 0:00:40]} Ncd7 {[%emt 0:00:53]} 15. a3 {[%emt 0:00:05]} a5 {[%emt 0:00:30]} 16. bxa5 {[%emt 0:00:27]} Nc5 {[%emt 0:00:37]} 17. Na4 {[%emt 0:00:37]} Nxa4 {[%emt 0:03:48]} 18. Qxa4 {[%emt 0:00:02]} Bc7 {[%emt 0:00:02]} 19. Bc3 {[%emt 0:00:34]} h5 {[%emt 0:01:33]} 20. O-O {[%emt 0:01:03]} h4 {[%emt 0:00:31]} 21. g4 {[%emt 0:01:55]} Nxg4 {[%emt 0:01:47]} 22. hxg4 {[%emt 0:00:02]} Bxg4 {[%emt 0:00:01]} 23. f4 {[%emt 0:01:30]} Bxe2 {[%emt 0:00:11]} 24. Rf2 {[%emt 0:01:26]} Bb5 {[%emt 0:00:01]} 25. Qd1 {[%emt 0:01:03]} h3 {[%emt 0:00:40]} 26. Kh1 {[%emt 0:02:36]} hxg2+ {[%emt 0:00:43]} 27. Rxg2 {[%emt 0:00:01]} Qh6+ {[%emt 0:00:02]} 28. Kg1 {[%emt 0:00:05]} Bxa5 {[%emt 0:03:44]} 29. Bxg7 {[%emt 0:00:09]} Qxg7 {[%emt 0:00:04]} 30. Rxg7+ {[%emt 0:00:06]} Kxg7 {[%emt 0:00:00]} 31. Qg4+ {[%emt 0:00:11]} Kf6 {[%emt 0:00:17]} 32. Kf2 {[%emt 0:00:25]} Bd3 {[%emt 0:00:14]} 33. Rh1 {[%emt 0:00:37]} Bxd2 {[%emt 0:00:24]} 34. Rh7 {[%emt 0:00:25]} Bxe3+ {[%emt 0:00:16]} 35. Kxe3 {[%emt 0:00:02]} Bc4 {[%emt 0:00:14]} 36. Qg5+ {[%emt 0:01:03]} Ke6 {[%emt 0:00:01]} 37. Qc5 {[%emt 0:00:06]} Bd5 {[%emt 0:00:14]} 38. Rh5 {[%emt 0:00:46]} Kd7 {[%emt 0:00:16]} 39. f5 {[%emt 0:00:03]} Kc7 {[%emt 0:00:07]} 40. Rh6 {[%emt 0:00:10]} Rad8 {[%emt 0:00:12]} 41. a4 {[%emt 0:00:08]} b6 {[%emt 0:00:04]} 42. Qb4 {[%emt 0:00:16]} Ra8 {[%emt 0:00:07]} 43. Qd6+ Kb7 44. Rh2 {[%emt 0:00:47]} Rh8 {[%emt 0:00:17]} 45. Rb2 {[%emt 0:00:43]} Rxa4 {[%emt 0:00:14]} 46. Qd7+ {[%emt 0:00:18]} Ka6 {[%emt 0:00:01]} 47. Qc7 {[%emt 0:00:01]} Rh3+ {[%emt 0:00:21]} 48. Kf4 {[%emt 0:00:02]} e3+ {[%emt 0:00:04]} 49. Kg5 {[%emt 0:00:09]} b5 {[%emt 0:00:01]} 50. Rc2 {[%emt 0:00:48]} Rhh4 {[%emt 0:00:17]} 51. Qc8+ {[%emt 0:00:08]} Ka5 {[%emt 0:00:12]} 52. Qc7+ {[%emt 0:00:14]} Ka6 {[%emt 0:00:02]} 53. Qc8+ {[%emt 0:00:19]} Ka5 {[%emt 0:00:06]} 54. Qc7+ {[%emt 0:00:02]} Ka6 {[%emt 0:00:01]} 1/2-1/2